| 000 | 00543cam a2200169 a 4500 | ||
|---|---|---|---|
| 001 | 000007154 | ||
| 005 | 20200929154100.0 | ||
| 008 | 951120s1990 cu a f001 0 spa | ||
| 040 |
_aDO-SdBNP _bspa _cBNPHU |
||
| 082 |
_a927.91 _bC236D |
||
| 100 | 1 |
_aDaubar, Jorge, _d1942- _919858 |
|
| 245 | 1 | 0 |
_aCapablanca : _bbiografía / _cJorge Daubar. |
| 260 |
_aLa Habana, (Cuba) : _bCientífico-Técnica, _c1990. |
||
| 300 |
_a240 p. : _bil. ; _c23 cm. |
||
| 600 | 1 | 0 |
_aCAPABLANCA, JOSÉ RAÚL, _d1888-1942. _912562 |
| 650 | 0 |
_aAjedrez _zCuba _vBIOGRAFÍA. _919859 |
|
| 999 |
_c6935 _d6935 |
||